Type the African Countries - Statistics

General Stats
  • This quiz has been taken 1,207 times
  • The average score is 40 of 54
Answers on the Map
Answers color-coded by a green-red scale on the quiz's map according to % correct below.
 
Answer Stats
Answer % Correct
Egypt
95%
Morocco
92%
Niger
92%
South Africa
92%
Sudan
91%
Algeria
90%
Madagascar
90%
Nigeria
90%
South Sudan
90%
DR Congo
88%
Libya
87%
Somalia
85%
Chad
84%
Republic of the Congo
84%
Ethiopia
83%
Tunisia
83%
Mali
80%
Kenya
79%
Togo
78%
Angola
77%
Ghana
75%
Guinea
74%
Ivory Coast
73%
Zambia
73%
Central African Republic
72%
Senegal
72%
Tanzania
72%
Uganda
72%
Zimbabwe
72%
Benin
71%
Lesotho
71%
Mozambique
71%
Eritrea
70%
NAmibia
70%
Rwanda
70%
Cameroon
68%
Botswana
67%
Gambia
67%
Djibouti
66%
Liberia
66%
Mauritania
65%
Gabon
63%
Eswatini
62%
Equatorial-Guinea
61%
Burkina Faso
60%
Seychelles
60%
Guinea-Bissau
59%
Malawi
59%
Cape Verde
58%
Sierra Leone
57%
Burundi
56%
Mauritius
54%
Sao Tome and Principe
54%
Comoros
53%
No matching quizzes found
Score Distribution
Percent of People with Each Score
Percentile by Number Answered
Your Score History
You have not taken this quiz